000 00509nam a2200181Ia 4500
999 _c14369
_d14369
003 OSt
005 20201117163119.0
008 190216s9999||||xx |||||||||||||| ||und||
020 _a0143030493
040 _coclc
082 _a891.42308
_bSHE/L
100 _aSheikh, Moazzam
_96249
245 2 _aA Letter From India /
_cMoazzam Sheikh
260 _bPenguin Books,
_aNew Delhi:
_c2004.
300 _a168p
650 _aEnglish
942 _cBK
_2ddc
_h891.42308
_iSHE/L
_k891.42308
_mSHE/L